1335 1256 1136 1502 1569 1007 1037 1674 1161 1297 1728 1773 1373 1296 1890 1795 1911 1401 1936 1117 1505 1492 1023 1704 1758 1582 1371 1071 1676 1947 1124 1792 1794 1082 1096 1232 1326 1143 1890 1534 1849 1132 1471 1965 1573 1714 1653 1732 1698 1174 1015 1395 1131 1691 1385 1668 1340 1454 1005 1960 1329 1275 1177 1428 1823 1670 1010 1179 1603 1162 1093 1221 1631 1245 1093 1214 1877 1404 1497 1930 1435 1158 1664 1587 1206 1254 1579 1734 1151 1846 1184 1667 1549 1115 1904 1366 1645 1784 1861 BCNSPRNW ULIB Ver.6.0+V

เปลี่ยนเป็นภาษาไทย

Change to English
 แสดงรายละเอียดบรรณานุกรม
  กลับหน้าหลัก

Brief Record : Get Marc (ISO 2709) : E-mail record : QR code < ปิดหน้าต่าง
LEADER : 00000nam 2200000uu 4500
001    13399111903
003     ULIB
008    110712s2552||||th 000 0 tha d
020    9749930495
020    9789749930496
060 04 WM100^bม455จ
245 00 จิตเวชศาสตร์รามาธิบดี /^cมาโนช หล่อตระกูล, ปราโมทย์ สุคนิชย์, บรรณาธิการ
250    พิมพ์ครั้งที่ 3
260    กรุงเทพฯ :^bภาควิชาจิตเวชศาสตร์คณะแพทยศาสตร์โรงพยาบาลรามาธิบดี มหาวิทยาลัยมหิดล,^c2552
300    x, 510 หน้า ;^c21 ซม.
650  7 จิตเวชศาสตร์
700 0  มาโนช หล่อตระกูล,^eบรรณาธิการ
700 0  ปราโมทย์ สุคนิชย์,^eบรรณาธิการ
710 2  มหาวิทยาลัยมหิดล. ^bคณะแพทยศาสตร์โรงพยาบาลรามาธิบดี.^bภาควิชาจิตเวชศาสตร์
945    ^p300^l0^i18367
945    ^p300^l0^i18368
945    ^p300^l0^i18369
995    กัณชพร
999    ^aใช้งานได้ทุกระบบ
รายการนี้ยังไม่มีแท็ก
คุณยังไม่ได้ล็อกอิน คุณสามารถมีกิจกรรมร่วมกับเว็บไซต์ได้ แต่ต้องล็อกอินก่อน ::
  ล็อกอิน

รายการสื่อสารสนเทศ

ลำดับที่ ประเภท เลขเรียก/บาร์โค้ด สถานที่ สถานะ
- ไม่พบข้อมูล -

รายการใกล้เคียง
    หัวเรื่อง [จิตเวชศาสตร์]

BibComment


ยังไม่เคยถูกคอมเมนท์

คอมเมนท์ทรัพยากรรายการนี้
  คอมเมนท์: จิตเวชศาสตร์รามาธ..


 Copyright 2026. Bcnsprnw @Library